000 00679cam a22002292a 4500
001 021249
003 AR-FADEU
008 311216n2008####xxu####################dd
020 _a978-958-665-109-7
092 _a338.98
_bM339
_eCL
100 _aMarini, Ruy Mauro
245 _aAmérica latina, dependencia y globalización
260 _aBuenos Aires
260 _bSiglo del Hombre
260 _bCLACSO
260 _c2008
300 _a291 p
440 _aPensamiento crítico latinoamericano
500 _aIncluye bibliografía
650 _aECONOMIA POLITICA-AMERICA LATINA; DEPENDECIA ECONOMICA-AMERICA LATINA; GLOBALIZACION-AMERICA LATINA/CL/
942 _cCLACSO
999 _c26967
_d26967